000 00619nam a22002177a 4500
003 DO-SdBNP
005 20180510142528.0
008 151127b 19??. xxu||||| |||| 00| 0 spa d
040 _aBPMSU
_bspa
_cBPMSU
100 1 _aVega, Lope de
245 1 0 _aFuente ovejuna /
_cLope de Vega.
260 _aLima, Peru :
_bSanta Barbara,
_c[19??].
300 _a130 p.
_b il. ;
_c15 cm.
490 1 _aSaber humano
490 1 _aObras literarias de colección
830 0 _aSaber humano
830 0 _aObras literarias de colección
942 _2ddc
_cBK
945 _aInventariado, 2018/MFF
956 _aLorenza Pérez
_b10
999 _c8949
_d8949